Costa Rica: entre la ilusión y la desesperanza. Una alternativa para el desarrollo

Đã lưu trong:
Chi tiết về thư mục
Định dạng: Không biết
Được phát hành: San José: Ediciones Guayacán
Các nhãn: Thêm thẻ
Không có thẻ, Là người đầu tiên thẻ bản ghi này!

MARC

LEADER 00000 a2200000 04500
001 16251
003
008 991231s d
040
090 |a 030102  
245 |a Costa Rica: entre la ilusión y la desesperanza. Una alternativa para el desarrollo  
260 |a San José:   |b Ediciones Guayacán  
300 |a 192 p.  
999 |c 5540  |d 5540